Domande della musica - Statistics

Statistiche generali
  • Questo quiz è stato fatto 312 volte
  • Il punteggio medio è 7 su 17
Statistiche sulle risposte
Domanda Artista % Corretto
Ma come fanno le segretarie con gli occhiali a farsi sposare dagli avvocati? Antonello Venditti
75%
Come si fa? Come si fa? Senza un rumore giri la stanza. Come si fa? Come si fa? Blanco
64%
Che importa se per innamorarsi basta un'ora? Loretta Goggi
59%
Quindi ci piacciamo oppure no? Annalisa
52%
Siri, che giorno è? Elodie
52%
Che cosa mi manchi a fare? Calcutta
51%
Gradite 'o Campari o volite 'o cafè? Fabrizio De Andrè
47%
Cosa vuol dir "sono un donna ormai"? Lucio Battisti
45%
Ma cos'è la destra? Cos'è la sinistra? Giorgio Gaber
44%
Chiedono come va? come va? come va? Ma noi non cambiamo mai, no mai, no mai Sfera Ebbasta
40%
Dove sei? Stavo cercando di vederti in mezzo a tutta questa folla Frah Quintale
39%
Ma perchè torni sempre da me? Non capisco se ci tieni davvero Chiello
36%
Ma dai, pure tu sei degli anni '60? Daniele Silvestri
24%
Credete che per questi quattro soldi, questa gloria da stronzi, avrei scritto canzoni? Francesco Guccini
23%
Ma perchè tu non ti vuoi azzurra e lucente? Lucio Battisti
21%
Cosa mi chiami solo se stai male? Coez
17%
Che fanno i tuoi? Chi è tuo padre? Insomma suoni, ma dai? Perché non provi a fare un talent? Gazzelle
10%
Nessun quiz corrispondente trovato
Distribuzione punteggi
Percentuale di utenti per punteggio
Percentile per numero di risposta
I tuoi punteggi nel tempo
Non hai fatto questo quiz